000 01118nam0a22002651 4500
001 rc\2381388
005 20110829184615.9
035 _a(NLR Aleph) 006501653
090 _a6237596
_c6237596
100 _a20110829g19791980|||y0rusy50 ca
101 0 _arus
102 _aRU
105 _aa j |||||
200 1 _aУчебный материал по чтению (английский язык)
_eМетод. разраб.
_fМ-во высш. и сред. спец. образования РСФСР, Пенз. инж.-строит. ин-т. Каф. иностр. яз.
_g[Сост. препод. Фаворская В.А., Агеева С.Б.]
210 _aПенза
_cПенз. ИСИ
_d1979 (вып. дан. 1980)
215 _a24 с.
_cил.
_d21
320 _aБиблиогр.: с. 24
702 1 _aФаворская
_bВ. А.
_4220
702 1 _aАгеева
_bС. Б.
_4220
712 0 2 _aПензенский инженерно-строительный институт
_3RU\NLR\AUTH\889953973
801 0 _aRU
_bNLR
_gpsbo
801 1 _aRU
_bELAR
_2rusmarc
852 _aNLR
_j81-4/20155
942 _cBOOK
980 _aNB